Hadí žena : hledání podstaty ženské síly /
Cestu k podstatě své ženské síly začne Laura hledat nejprve ve svých slzách a smutku. Po dlouhých letech manželství ji opustil manžel a Laura se cítí rozkolísaná, zraněná a neví kudy dál. V pravý čas se jí do rukou dostane kniha Kurandera přibližující tradice a myšlení dávných andských šamanů a léči...
Uloženo v:
| Hlavní autor: | |
|---|---|
| Další autoři: | |
| Médium: | E-kniha |
| Jazyk: | Czech |
| Vydáno: |
Praha :
Motto,
2015
|
| Vydání: | Vydání první |
| Témata: | |
| Příbuzné jednotky: | Název italské verze::
Donna dalla coda d'argento |
| Tagy: |
Žádné tagy |
| LEADER | 03814cam a2200721 i 4500 | ||
|---|---|---|---|
| 001 | 302814 | ||
| 003 | CZ PrSKC | ||
| 005 | 20260515063232.0 | ||
| 007 | ta | ||
| 008 | 150914s2015 xr g 000 f cze d | ||
| 015 | |a cnb002729692 | ||
| 020 | |a 9788026704584 |q (vázáno) | ||
| 035 | |a (OCoLC)932000169 | ||
| 040 | |a KMG001 |b cze |d LIA001 |d OLA001 |e rda | ||
| 041 | 1 | |a cze |k ita |h spa | |
| 043 | |a s-pe--- | ||
| 072 | 7 | |a 821.873 |x Literatury andsko-rovníkových jazyků |2 Konspekt | |
| 080 | |a 821.873.122-3 |2 MRF | ||
| 080 | |a (=873.122) |2 MRF | ||
| 080 | |a 316.346.2-055.2 |2 MRF | ||
| 080 | |a 615.83+615.89 |2 MRF | ||
| 080 | |a 133.4:2-382 |2 MRF | ||
| 080 | |a 258-584.5 |2 MRF | ||
| 080 | |a 159.922.1-055.2 |2 MRF | ||
| 080 | |a 13 |2 MRF | ||
| 080 | |a [130.12+2-188]:118 |2 MRF | ||
| 080 | |a (85) |2 MRF | ||
| 080 | |a (0:82-3) |2 MRF | ||
| 100 | 1 | |a Huarache Mamani, Hernán, |d 1943-2016 |7 xx0149817 |4 aut | |
| 240 | 1 | 0 | |a Mujer de la cola de plata. |l Česky |
| 245 | 1 | 0 | |a Hadí žena : |b hledání podstaty ženské síly / |c Hernán Huarache Mamani ; přeložila Lucie Chvojková |
| 250 | |a Vydání první | ||
| 264 | 1 | |a Praha : |b Motto, |c 2015 | |
| 300 | |a 421 stran ; |c 21 cm | ||
| 336 | |a text |b txt |2 rdacontent | ||
| 337 | |a bez média |b n |2 rdamedia | ||
| 338 | |a svazek |b nc |2 rdacarrier | ||
| 500 | |a Přeloženo z italské verze španělského originálu | ||
| 520 | 2 | |a Cestu k podstatě své ženské síly začne Laura hledat nejprve ve svých slzách a smutku. Po dlouhých letech manželství ji opustil manžel a Laura se cítí rozkolísaná, zraněná a neví kudy dál. V pravý čas se jí do rukou dostane kniha Kurandera přibližující tradice a myšlení dávných andských šamanů a léčitelů, tzv kuranderů. Laura cítí sílu osudového okamžiku a souznění. Odjíždí do Peru, aby zde osobně šla po stopách starého moudrého učení a stala se tak nezávislou, moudrou a skutečnou ženou. Hernán Huarache Mamani se stal strážcem a oddaným propagátorem učení starých Inků, které přibližuje lidem se západním způsobem myšlení a postupy dávných moudrých léčitelů. | |
| 520 | 2 | |a Další nevšední duchovní román peruánského autora, kečuánského indiána, vzděláním ekonoma. I v současném zrychleném světě lze najít potřebný klid, vnitřní soustředění a značnou sílu, díky níž může nešťastná žena změnit sama sebe a posléze svůj život. | |
| 650 | 0 | 7 | |a ženy |7 ph127967 |z Peru |2 czenas |
| 650 | 0 | 7 | |a Kečuové |7 ph117671 |z Peru |2 czenas |
| 650 | 0 | 7 | |a přírodní léčitelství |7 ph135495 |z Peru |2 czenas |
| 650 | 0 | 7 | |a šamanismus |7 ph127795 |z Peru |2 czenas |
| 650 | 0 | 7 | |a duchovní cesta |7 ph119626 |2 czenas |
| 650 | 0 | 7 | |a duchovní energie |7 ph660928 |2 czenas |
| 650 | 0 | 7 | |a feminita |7 ph138799 |x duchovní aspekty |2 czenas |
| 650 | 0 | 9 | |a women |z Peru |2 eczenas |
| 650 | 0 | 9 | |a Quechua Indians |z Peru |2 eczenas |
| 650 | 0 | 9 | |a healing |z Peru |2 eczenas |
| 650 | 0 | 9 | |a shamanism |z Peru |2 eczenas |
| 650 | 0 | 9 | |a spiritual path |2 eczenas |
| 650 | 0 | 9 | |a spiritual energy |2 eczenas |
| 650 | 0 | 9 | |a feminity |x spiritual aspects |2 eczenas |
| 655 | 7 | |a kečuánské prózy |7 fd852838 |2 czenas | |
| 655 | 9 | |a Quechua prose |2 eczenas | |
| 700 | 1 | |a Chvojková, Lucie, |d 1975- |7 hka2012699307 |4 trl | |
| 765 | 0 | 8 | |i Název italské verze: |t Donna dalla coda d'argento |
| 900 | |a ABA001 |b 20 | ||
| 044 | |a xr | ||
| 910 | |a RBIT002 | ||
| 998 | |d 170445 |a https://core.palmknihy.cz/api/books/170445/cover?tf1pve |b https://core.palmknihy.cz/api/books/170445/cover/400?tf1pve |c https://core.palmknihy.cz/api/books/170445/cover/50?tf1pve |e 2029-09-24 |g 424 |i 9788026704584 |j https://core.palmknihy.cz/api/books/170445/preview.epub |k https://core.palmknihy.cz/api/books/170445/preview.pdf |l |q 49 |r 1 |s https://www.palmknihy.cz/kniha/170445 |t ebook |y 2015 |z 0 | ||
| 999 | |d 302812 | ||